• 首页
  • 本馆介绍
  • 公告通知
  • 最新文献
  • 馆藏检索
  • 电子资源
  • 读者导购
  • 参考咨询
  • 我的图书馆
  • 登录
  • 详细信息显示
  • 放入我的书架
  • 预约/预借图书
  • 作者相关作品
  • 分类相关作品
  • 丛书相关作品
  • 出版社相关作品

书目信息

  • 表格格式
  • 工作单格式
  • 卡片格式
题名:
土地利用/覆盖变化研究的方法与实践
    
 
作者: 史培军
分册:  
出版信息: 北京   科学出版社  2000
页数: 155页
开本: 26cm
丛书名:
单 册:
中图分类: F301.24
科图分类:
主题词: 农业经济学
电子资源:
ISBN: 7-03-008834-4
000 00568nam0 2200181 450
001 0736196517
005 20070924100316.51
010    @a7-03-008834-4@d¥38.00
100    @a20070924d km y0chiy0120 ea
101 0  @achi
200 1  @a土地利用/覆盖变化研究的方法与实践@Atu di li yong/fu gai bian hua yan jiu de fang fa yu shi jian@f史培军等@Fshi pei jun deng
210    @a北京@c科学出版社@d2000
215    @a155页@c彩图@d26cm
606 0  @a农业经济学
690    @aF301.24@v3
701  0 @a史培军@Ashi pei jun
801  0 @aCN@bPFT@c20070924
905    @a213230@dF301.24@eZY8@f1
    
    土地利用/覆盖变化研究的方法与实践/史培军等.-北京:科学出版社,2000
    155页:彩图;26cm
    
    
    ISBN 7-03-008834-4:¥38.00
    
●
相关链接 在E读中查询图书 在五车中查询图书 在当当中查询图书 在豆瓣中查询图书


正题名:土地利用/覆盖变化研究的方法与实践     索取号:F301.24/ZY8         预约/预借

序号 登录号 条形码 馆藏地/架位号 状态 备注
1 7900685   279006852   资源管理系资料室/ [索取号:F301.24/ZY8] 在馆    
唐山师范学院图书馆 欢迎您!
大连网信软件有限公司© 版权所有